Normal view
MARC view
Entry Topical Term
001 - CONTROL NUMBER
- control field: 2105
003 - CONTROL NUMBER IDENTIFIER
- control field: BD-RjUL
005 - DATE AND TIME OF LATEST TRANSACTION
- control field: 20220328163202.0
008 - FIXED-LENGTH DATA ELEMENTS
- fixed length control field: 220328|| aca||aabn | a|a d
040 ## - CATALOGING SOURCE
- Original cataloging agency: BD-RjUL
- Transcribing agency: BD-RjUL
150 ## - HEADING--TOPICAL TERM
- Topical term or geographic name entry element: Plantation crops
- Form subdivision: Wheat
- General subdivision: Dinajpur
670 ## - SOURCE DATA FOUND
- Source citation: Work cat.: (BD-RjUL)79628: Afrose, Syeda Jahanara 2104, Climatic change and its impact on wheat production in Dinajpur district : , 2009